|
|
|
|
| LEADER |
00933cam a2200253 i 4500 |
| 008 |
760813s1974 ii b 001 0 eng |
| 010 |
|
|
|a 75900794 //r88
|
| 020 |
|
|
|c Rs40.00
|
| 035 |
|
|
|a (NNC)2036230
|
| 035 |
|
|
|a (OCoLC)ocm02424181
|
| 082 |
|
|
|a 823.92 JOH/B
|
| 245 |
0 |
0 |
|a Bibliography of Indo-English literature :
|b a checklist of works by Indian authors in English, 1800-1966 /
|c John A. & Leena Karkala.
|
| 260 |
|
|
|a Bombay :
|b Nirmala Sadanand Publishers,
|c [1974]
|
| 300 |
|
|
|a 167 p. ;
|c 23 cm.
|
| 500 |
|
|
|a Includes index.
|
| 650 |
|
0 |
|a English imprints
|z India.
|
| 650 |
|
0 |
|a Indic literature (English)
|v Bibliography.
|
| 651 |
|
0 |
|a India
|v Imprints.
|
| 700 |
1 |
|
|a Alphonso-Karkala, John B.,
|
| 700 |
1 |
|
|a Karkala, Leena.
|
| 900 |
|
|
|a AUTH
|
| 942 |
|
|
|c BK
|
| 999 |
|
|
|c 193083
|d 193083
|
| 952 |
|
|
|0 0
|1 0
|4 0
|6 823_920000000000000_JOH_B
|7 0
|9 213118
|a ENG
|b ENG
|c ST1
|d 2013-07-11
|i 9179
|l 0
|o 823.92 JOH/B
|p ENG9179
|r 2013-07-11
|w 2013-07-11
|y BK
|